000 00539nam a2200181Ia 4500
008 231217s9999 xx 000 0 und d
020 _a025625348X
041 _aEnglish
082 _a001.64 BAH;41
100 _aBahrami, Ali
245 0 _aObject oriented systems development (McGraw-Hill International editions)
260 _c1999
_bMcGraw-Hill
_aSingapore
300 _axx+411
400 _aComputer science series
500 _aContent page available
650 _aObject,oriented,systems,(McGraw-Hill,editions)
942 _cAA
999 _c179343
_d179343